00761nam a2200205 a 450000100100000000500170001000800410002704000250006808200180009310000460011124500590015726000380021630000210025449000430027550400560031860000380037465000240041265000760043683000430051200002430620240530073934.0110126s1964 dr 001 0 spa d aDO-SdBNPbspacBNPHU a972.93bG216c1 aGarcía Lluberes, Leónidas,d1882-196710aCrítica histórica /cLeónidas García Lluberes. aSanto Domingo :bMontalvo,c1964. a160 p. ;c24 cm.1 aAcademia Dominicana de la Historiav16 aIncluye bibliografía y notas al pie de páginas.10aDuarte, Juan Pablo, d1813-1876 0aEnsayos dominicanos 4aRepública dominicanaxHistoriay1844-1930xEnsayos conferencias, etc. 0aAcademia Dominicana de la Historian16